000 00860nam a2200265Ia 4500
001 21733
005 20260320113308.0
008 260320s9999||||xx |||||||||||||| ||und||
020 _a9786123226220
041 _aESP
082 _a340.72
_bB28
100 _aBautista Quispe, Ulises,
_eAUT
245 0 _aCómo desarrollar una tesis jurídica de manera efectiva :
_buna guía esencial sobrevivencia
246 _a
_5
_b
250 _aPrimera edición
260 _aLima :
_bInstituto Pacífico,
_c2025
300 _a207 páginas :
_bilustraciones ;
_c25 cm.
_e
440 _a
_n
_v
650 _aDER
653 _aDerecho; Tésis jurídica
654 _aDER
700 _aJohnston, E. Russell; DeWolf, John; Mazurek, David F.
_cAUTS
856 _uhttps://app-vlex-com.ucsp.lookproxy.com/
_zVéase además: Base de datos Vlex
942 _cLIB
_dJUS
_fMIP
_2ddc
_n
999 _c21733
_d21733